000
00221nam a2200085Ia 4500
245
0
_a
The darkening glass
100
_a
DOHERTY, Paul London, 2009
_9
99920
942
_c
BK
008
210817s9999 xx 000 0 und d
999
_c
426555
_d
426554